00905nam a2200241 a 450000100060000000300080000600500170001400800410003103500190007204000250009104100080011608200260012410000290015024501450017925000120032426000470033630000270038350400370041065000460044794200120049399900170050595201410052259273BD-RjUL20211209080719.0161222s1957 enkb b 001 0 eng  a(BD-RjUL)59397 aLCbengcLCdBD-RjUL aeng00a346.052223bBAL 195714aBasu, Nrisinhdas917631914aThe law of succession : bcontaining the Indian succession act (xxxix) of 1925 and the hindu succession act (xxx) of 1956 /cNrisinhdas Basu a4th ed. aCalcutta :bEastern law house Ltd.,cc1957 acxii,1244 p. ;c26 cm. aIncludes index and bibliography. 0aInheritance and successionzIndia9176297 2ddccBK c59273d59273 00102ddc40718NFICaRUCLbRUCLcReadingd1963-02-15ezeittingerg52.50l0o346.052 BAL 1957r2016-12-22 00:00:00tC-1w2021-12-09yBK